|
|
|
|
| LEADER |
01286naa#a2200421#ar4500 |
| 001 |
000094021 |
| 003 |
SVKKK |
| 005 |
20090311100840.0 |
| 008 |
090223c2006 xo #|0||||||||0|||b|slo |
| FMT |
|
|
|
| 015 |
|
|
|a SNBRA2009/02
|
| 038 |
|
|
|a SVKKK
|
| 040 |
|
|
|a SVKKK
|b slo
|e AACR2
|
| 041 |
0 |
|
|a slo
|b eng
|
| 044 |
|
|
|a xo
|c SK
|
| 080 |
|
|
|a 343.97
|x (437.6)
|2 1997
|
| 080 |
|
|
|a 341.48
|x (4)
|2 1997
|
| 080 |
|
|
|a 323.285
|2 1997
|
| 245 |
1 |
0 |
|a Niektoré smerovania zločinnosti v Slovenskej republike a v ostatných krajinách Európskej únie
|c Jozef Madliak ... [et al.]
|
| 300 |
|
|
|b Obr.
|
| 504 |
|
|
|a Bibliogr. odkazy
|
| 504 |
|
|
|a Res. angl.
|
| 650 |
0 |
4 |
|a kriminalita
|z Európska únia
|
| 650 |
0 |
4 |
|a trestné činy
|x organizovaný zločin
|z Slovensko
|
| 650 |
0 |
4 |
|a terorizmus
|
| 700 |
1 |
|
|a Madliak, Jozef
|4 aut
|
| 700 |
1 |
|
|a Porada, Viktor
|4 aut
|
| 700 |
1 |
|
|a Bruna, Eduard
|4 aut
|
| 700 |
1 |
|
|a Štefanková, Simona
|4 aut
|
| 773 |
0 |
|
|t Aktuálne otázky práva v postmodernej spoločnosti II: zborník z medzinárodnej vedeckej konferencie konanej dňa 19.-21.4.2006
|d Košice : Univerzita Pavla Jozefa Šafárika, 2006
|g S. 211-223
|z 8070976403
|
| 958 |
|
|
|a NB
|
| 958 |
|
|
|a SK
|
| 974 |
|
|
|a Ma
|
| 992 |
|
|
|a RZB
|
| BAS |
|
|
|
| 852 |
|
|
|a SVKKK
|b BIB
|
| EXP |
|
|
|
| 998 |
|
|
|a SLO
|